00529nam a2200193Ia 4500008004100000041001200041082001100053100004600064245003500110260003300145300000800178365000700186520002000193546001200213630003500225650002000260655002000280730003500300101110s9999 xx 000 0 und d aENGLISH bJR5333 aFulambrikar,M and Kulkarni, S. and others aSTEPS IN BIOLOGY XII (SCIENCE) c2007bNirali Prakashan, Pune a209 b55 aBiology/Zoology aENGLISH aSTEPS IN BIOLOGY XII (SCIENCE) aBiology/Zoology aBiology/Zoology aSTEPS IN BIOLOGY XII (SCIENCE)